Diplomy pre rómske deti

Bibliographic Details
Main Author: Kurucová, Mária (Author)
Corporate Author: Základná škola, Podsadok (Stará Ľubovňa, Slovensko) (Author)
Format: Article
Language:Slovak
Subjects:

MARC

LEADER 00000nab a2200000 a 4500
001 vtls001027626
003 SK-MaSNL
005 20260303035912.0
008 040720e19991230xo 0 slo
035 |a SL6180 
040 |a SLLK  |b slo  |c SLLK  |e AACR2 
041 0 |a slo 
044 |a xo  |c SK 
080 |a 373.3  |2 1981 
080 |a 397  |2 1981 
100 1 |a Kurucová, Mária  |4 aut  |9 948275 
245 1 0 |a Diplomy pre rómske deti 
610 2 7 |a Základná škola, Podsadok (Stará Ľubovňa, Slovensko)  |2 SLLK  |9 93330 
650 0 7 |a kultúrne podujatia  |2 SLLK  |9 71676 
650 0 7 |a informácie  |2 SLLK  |9 1285 
651 7 |a Stará Ľubovňa (Slovensko)  |2 SLLK  |9 19193 
651 7 |a SL,  |2 SLLK  |9 1022390 
655 7 |a periodikum  |2 snkbucl  |9 29553 
710 2 |a Základná škola, Podsadok (Stará Ľubovňa, Slovensko)   |4 aut  |9 93330 
773 0 8 |t Ľubovnianske noviny  |g Roč. 25, č.52, 30.12.1999, s. 2 
852 |a ZVYKNI  |b KIS3GCP 
999 |c 1679356  |d 1681286